000 00853cam a2200265 4500
001 ABS62295
008 000000n2000 000 0 eng u
035 _a(Sirsi) u106299
100 _aCassidy, T.
245 _aServices whole-life costs: power and data installations
260 _c2000
490 _aBuilding
_v 12 May 2000, 68-75(6)
520 _aThe third in a series on the lifespan costs of engineering services. Three power and data installation options are compared. Tables, diagrams and photographs.
590 _aABS
650 _aCONSTRUCTION COSTS
650 _aWHOLE-LIFE COSTS
650 _aPOWER AND DATA INFRASTRUCTURE
650 _aENGINEERING SERVICES
650 _aCABLING
650 _aOUTLET BOXES
650 _aSKIRTING TRUNKING
650 _aFLOOR GROMMET
690 _aBlock management
_96220
942 _n0
999 _c63662
_d63662